000 00928cam a2200205 4500
001 ABS66293
008 021223n2002 000 0 eng u
035 _a(Sirsi) u120879
100 _aMinton, A
245 _aEastern promise
260 _c2002
490 _aHousing Today
_v (307) 31 October 2002, 26-28(3)
520 _aSecond of two articles on measuring the success of regeneration projects. Looks at a project in Tower Hamlets which has tackled its housing problems with an across the borough solution. The starting point was the community plan, which aimed to get council departments working together with each other and with voluntary and community organisations. The council hopes these initiatives will improve the housing estates across Tower Hamlets.
590 _aABS
650 _aHOUSING ESTATES
650 _aTOWER HAMLETS LBC
650 _aLOCAL AUTHORITIES
690 _aREGENERATION
942 _n0
999 _c71850
_d71850